Fotóny a jadrá /

Gespeichert in:
Bibliographische Detailangaben
1. Verfasser: Kitajgorodskij, Aleksandr Isaakovič (Verfasst von)
Format: Buch
Veröffentlicht: Bratislava : Alfa, 1984
Tags: Tag hinzufügen
Keine Tags, Fügen Sie das erste Tag hinzu!

MARC

LEADER 00000nam a22000003a 4500
001 stu15696
005 20150617225757.1
008 ------s1984----cs----------------------d
040 |a STU  |b slo 
041 0
044 |a cs 
080 |a 539.122 
100 1 |a Kitajgorodskij, Aleksandr Isaakovič  |4 aut 
245 1 |a Fotóny a jadrá /  |c [aut.]Kitajgorodskij,A.I 
260 |a Bratislava :  |b Alfa,  |c 1984 
300 |a 229 s :  |b Obrázky 
996 |b E60009  |c E*60009  |l EE05  |s P  |a 0  |w stu15696_0001 
996 |b E60008  |c E*60008  |l EE05  |s P  |a 0  |w stu15696_0002